[Event "Eastern Asia-ch zt 3.3 (Women)"]
[Site "Ulaanbaatar"]
[Date "2019.04.15"]
[Round "9"]
[White "Amina, Battsooj"]
[Black "Mungunzul, Bat Erdene"]
[Result "1-0"]
[WhiteElo "2155"]
[BlackElo "1906"]
[PlyCount "80"]
[EventDate "2019.04.07"]
[EventType "swiss"]
[EventRounds "9"]
[EventCountry "MGL"]
[SourceTitle "CBM 189 Extra"]
[Source "ChessBase"]
[SourceDate "2019.06.03"]
[SourceVersion "1"]
[SourceVersionDate "2019.06.03"]
[SourceQuality "1"]

1. e4 e5 2. Nf3 Nc6 3. Bc4 Bc5 4. 0-0 Nf6 5. d3 h6 6. c3 d6 7. a4 a6 8. Na3 0-0 9. Nc2 d5 10. exd5 Nxd5 11. h3 Nb6 12. Bb3 Bf5 13. a5 Nc8 14. d4 Bxc2 15. Bxc2 exd4 16. Qd3 g6 17. Bxh6 Re8 18. Bb3 Qf6 19. Bg5 Qg7 20. Qc4 Ba7 21. cxd4 Nd6 22. Qc2 Bxd4 23. Ba4 Bxb2 24. Ra2 Bc3 25. Bxc6 bxc6 26. Rc1 Nb5 27. Qa4 Re6 28. Rac2 Rae8 29. Be3 Re4 30. Qa2 Qf6 31. Nd2 R4e6 32. Nb3 Bb4 33. Nc5 Bxc5 34. Rxc5 Rd6 35. Qc4 Ree6 36. Kh2 Qe7 37. Qg4 Qf6 38. R1c4 Qa1 39. Qg5 Qg7 40. Bf4 Rd4 1-0

[Event "Asia-ch U20 Girls"]
[Site "Ulaanbaatar"]
[Date "2018.08.20"]
[Round "2"]
[White "Amina, Battsooj"]
[Black "Ulziikhishigjargal, Ochirkhuyag"]
[Result "0-1"]
[WhiteElo "2212"]
[BlackElo "1858"]
[PlyCount "102"]
[EventDate "2018.08.19"]
[EventType "swiss"]
[EventRounds "9"]
[EventCountry "MGL"]
[SourceTitle "CBM 186 Extra"]
[Source "ChessBase"]
[SourceDate "2018.08.24"]
[SourceVersion "1"]
[SourceVersionDate "2018.08.24"]
[SourceQuality "1"]

1. e4 e5 2. Nf3 Nc6 3. Bc4 Bc5 4. c3 Nf6 5. d3 d6 6. 0-0 0-0 7. a4 a6 8. Na3 Ba7 9. Nc2 h6 10. Be3 Be6 11. Ba2 Bxa2 12. Rxa2 d5 13. Bxa7 Rxa7 14. Qe2 Ra8 15. Raa1 Qd6 16. Ne3 dxe4 17. dxe4 Qe6 18. Nf5 g6 19. Nxh6+ Kg7 20. Qe3 Nh7 21. Ng5 Qc8 22. Nxh7 Kxh7 23. f4 Kxh6 24. f5+ g5 25. Qh3+ Kg7 26. f6+ Kg6 27. Rf5 Rh8 28. Qg3 Rh5 29. h4 Qf8 30. Rxg5+ Rxg5 31. Qxg5+ Kh7 32. Qh5+ Qh6 33. Qxf7+ Kh8 34. Rf1 Rg8 35. Rf3 Nd8 36. Qxc7 Qc1+ 37. Rf1 Qe3+ 38. Rf2 Qe1+ 39. Rf1 Qxe4 40. Rf2 Ne6 41. Qd7 Nf4 42. Qd1 Nh3+ 43. Kf1 Nxf2 44. Qh5+ Qh7 45. Qxh7+ Kxh7 46. Kxf2 Kg6 47. g4 Kxf6 48. Kf3 e4+ 49. Kxe4 Rxg4+ 50. Kd5 Rxa4 51. b4 b5 0-1

[Event "Asia-ch U20 Girls"]
[Site "Ulaanbaatar"]
[Date "2018.08.19"]
[Round "1"]
[White "Udval, Batkhishig"]
[Black "Amina, Battsooj"]
[Result "0-1"]
[WhiteElo "1608"]
[BlackElo "2212"]
[PlyCount "88"]
[EventDate "2018.08.19"]
[EventType "swiss"]
[EventRounds "9"]
[EventCountry "MGL"]
[SourceTitle "CBM 186 Extra"]
[Source "ChessBase"]
[SourceDate "2018.08.24"]
[SourceVersion "1"]
[SourceVersionDate "2018.08.24"]
[SourceQuality "1"]

1. e4 e5 2. Nf3 Nc6 3. d4 exd4 4. Bc4 Nf6 5. e5 d5 6. Bb5 Ne4 7. Nxd4 Bd7 8. Bxc6 bxc6 9. 0-0 Bc5 10. f3 Ng5 11. f4 Ne4 12. Be3 0-0 13. Nd2 Nxd2 14. Qxd2 f6 15. Nb3 Be7 16. Bc5 Bf5 17. Qc3 fxe5 18. fxe5 Bxc5+ 19. Nxc5 Qg5 20. Rae1 Rae8 21. Rf2 Bg4 22. Nd3 Bh3 23. Ref1 Rxf2 24. Rxf2 Bd7 25. Nc5 Bc8 26. Qf3 Qe7 27. Nd3 h6 28. Re2 Ba6 29. Qe3 c5 30. Re1 d4 31. Qf3 c4 32. Qd5+ Qe6 33. Qxe6+ Rxe6 34. Nc5 Rc6 35. Nxa6 Rxa6 36. Re4 c5 37. e6 Kf8 38. Re5 Rc6 39. Kf2 Ke7 40. Kf3 d3 41. cxd3 cxd3 42. Rd5 c4 43. Rd7+ Kxe6 44. Rxg7 Kd5 0-1

[Event "Moscow op-B (Women) 14th"]
[Site "Moscow"]
[Date "2018.02.02"]
[Round "7"]
[White "Amina, Battsooj"]
[Black "Bruyatskaya, Marina"]
[Result "1-0"]
[WhiteElo "2255"]
[BlackElo "2013"]
[PlyCount "159"]
[EventDate "2018.01.27"]
[EventType "swiss"]
[EventRounds "9"]
[EventCountry "RUS"]
[SourceTitle "CBM 182 Extra"]
[Source "ChessBase"]
[SourceDate "2018.02.23"]
[SourceVersion "1"]
[SourceVersionDate "2018.02.23"]
[SourceQuality "1"]

1. e4 c6 2. d4 d5 3. Nd2 dxe4 4. Nxe4 Bf5 5. Ng3 Bg6 6. Bc4 e6 7. N1e2 Bd6 8. Nf4 Qh4 9. Nxg6 hxg6 10. Qd3 Nf6 11. h3 Nbd7 12. Bd2 0-0-0 13. 0-0-0 Bf4 14. Qf3 Bxd2+ 15. Rxd2 Nb6 16. Qc3 Rd7 17. Bb3 Rhd8 18. Rhd1 Nbd5 19. Qf3 Qf4 20. Qe2 Ne7 21. Qe5 g5 22. c3 Ng6 23. Qe1 g4 24. hxg4 Qxg4 25. Bc2 Nf4 26. f3 Qg5 27. Qf2 c5 28. Kb1 cxd4 29. cxd4 N4d5 30. Ba4 Rc7 31. Re1 Kb8 32. Ne4 Nxe4 33. fxe4 Nf6 34. Bb3 Rdc8 35. a3 Qb5 36. Ka2 Rd8 37. Qg3 Nh5 38. Qh2 Kc8 39. d5 Nf6 40. d6 Rc5 41. e5 Ng4 42. Qf4 Nxe5 43. Rxe5 Rxe5 44. Qxf7 Qd7 45. Qf4 Rc5 46. Ba4 b5 47. Qe4 Kb8 48. Bb3 Re8 49. Qd4 Rc6 50. Qe5 Rb6 51. g4 a6 52. g5 Rd8 53. Bxe6 Re8 54. Bxd7 Rxe5 55. g6 Rh5 56. Be8 Kc8 57. d7+ Kd8 58. Rc2 Rb8 59. Rf2 Re5 60. Rf8 Rb7 61. Rg8 Re7 62. Bf7+ Kxd7 63. Rxg7 Kc6 64. Rh7 Rb8 65. Rh6 Kd7 66. Rh5 Rf8 67. Rd5+ Kc7 68. Rf5 Ree8 69. g7 Rd8 70. gxf8Q Rxf8 71. Be6 Re8 72. Rf7+ Kb6 73. Rf6 Ka7 74. Kb3 a5 75. a4 Rb8 76. axb5 Rxb5+ 77. Ka3 Rb4 78. b3 Rd4 79. Bc4 Kb7 80. Ka4 1-0

[Event "Astana op"]
[Site "Astana"]
[Date "2017.07.27"]
[Round "7"]
[White "Amina, Battsooj"]
[Black "Ismagambetov, Anuar"]
[Result "0-1"]
[WhiteElo "2209"]
[BlackElo "2556"]
[PlyCount "148"]
[EventDate "2017.07.21"]
[EventType "swiss"]
[EventRounds "9"]
[EventCountry "KAZ"]
[SourceTitle "CBM 179 Extra"]
[Source "ChessBase"]
[SourceDate "2017.08.23"]
[SourceVersion "1"]
[SourceVersionDate "2017.08.23"]
[SourceQuality "1"]

1. e4 e5 2. Nf3 Nc6 3. Bc4 Bc5 4. 0-0 Nf6 5. d3 0-0 6. c3 d6 7. a4 a6 8. Na3 Ne7 9. Nc2 Ng6 10. h3 Bb6 11. a5 Ba7 12. Re1 c6 13. Be3 Bb8 14. Bb3 Bc7 15. d4 Nxe4 16. dxe5 dxe5 17. Qxd8 Rxd8 18. Na3 Re8 19. Bc2 Nf6 20. Nc4 Be6 21. Bb6 Bxc4 22. Bxc7 e4 23. Nd2 Bd3 24. Bxd3 exd3 25. Nc4 Nd5 26. Bh2 Re2 27. Rxe2 dxe2 28. Re1 Re8 29. Ne3 Nxe3 30. Rxe2 Rd8 31. fxe3 f6 32. Kf2 Kf7 33. e4 Ke6 34. Ke3 Rd1 35. Rd2 Re1+ 36. Kd4 Nf8 37. Bg3 Ra1 38. b4 Nd7 39. Kc4 h5 40. Rd6+ Ke7 41. Rd2 Ra3 42. Bc7 g5 43. Bd6+ Ke6 44. Bc7 h4 45. Rd6+ Ke7 46. Rd2 Ra1 47. Kd3 Ke6 48. Ke3 Re1+ 49. Re2 Rc1 50. Kd3 c5 51. Rc2 Ne5+ 52. Kd2 Rg1 53. Ke3 Re1+ 54. Re2 Rxe2+ 55. Kxe2 cxb4 56. cxb4 Nc6 57. Kd3 Nxb4+ 58. Kc4 Nc6 59. Kc5 Kd7 60. Bb6 Ne5 61. Kd5 Nd3 62. Bd4 Nf4+ 63. Kc4 Nxg2 64. Bxf6 g4 65. hxg4 h3 66. Be5 Ne3+ 67. Kc5 Nxg4 68. Bg3 h2 69. Bxh2 Nxh2 70. Kb6 Kc8 71. e5 Ng4 72. e6 Nf6 73. Kc5 Kc7 74. e7 Ne8 0-1

[Event "MGL-ch (Women) 49th"]
[Site "Dadal"]
[Date "2017.03.19"]
[Round "4"]
[White "Batchimeg, Tuvshintugs"]
[Black "Amina, Battsooj"]
[Result "1-0"]
[WhiteElo "2403"]
[BlackElo "2190"]
[PlyCount "97"]
[EventDate "2017.03.17"]
[EventType "tourn"]
[EventRounds "11"]
[EventCountry "MGL"]
[SourceTitle "CBM 177 Extra"]
[Source "ChessBase"]
[SourceDate "2017.04.27"]
[SourceVersion "1"]
[SourceVersionDate "2017.04.27"]
[SourceQuality "1"]

1. d4 d5 2. c4 e6 3. Nc3 Nf6 4. cxd5 exd5 5. Bg5 Be7 6. e3 c6 7. Qc2 Nbd7 8. Bd3 h6 9. Bxf6 Nxf6 10. Nf3 0-0 11. 0-0 Bd6 12. h3 Re8 13. Rfe1 Qe7 14. Nd2 Bc7 15. a3 Qd6 16. Nf3 Qe7 17. Rac1 Bd7 18. b4 Rac8 19. Nd2 b6 20. Qb3 Qd6 21. Nf1 Ne4 22. Nxe4 dxe4 23. Ba6 Rb8 24. Bc4 Be6 25. Bxe6 Rxe6 26. b5 cxb5 27. Qxb5 Qe7 28. Rc4 Bd6 29. a4 Rg6 30. Rec1 Qh4 31. Rc8+ Rxc8 32. Rxc8+ Kh7 33. Qf5 Qe7 34. Ra8 Bc7 35. g3 a5 36. Qc8 Rc6 37. Qg8+ Kg6 38. Re8 Qd7 39. Rxe4 Qxh3 40. Rh4 Qf5 41. e4 Qf3 42. e5 h5 43. Rf4 Qd5 44. g4 Rc1 45. gxh5+ Kg5 46. Qxg7+ Kxf4 47. Qh6+ Kg4 48. Qxc1 Qd8 49. Ng3 1-0

[Event "Chigorin Memorial 24th"]
[Site "St Petersburg"]
[Date "2016.10.23"]
[Round "9"]
[White "Mukhtarova, Anastasiia"]
[Black "Amina, Battsooj"]
[Result "0-1"]
[WhiteElo "1869"]
[BlackElo "2274"]
[PlyCount "120"]
[EventDate "2016.10.15"]
[EventType "swiss"]
[EventRounds "9"]
[EventCountry "RUS"]
[SourceTitle "CBM 175 Extra"]
[Source "ChessBase"]
[SourceDate "2016.12.12"]
[SourceVersion "1"]
[SourceVersionDate "2016.12.12"]
[SourceQuality "1"]

1. c4 e6 2. Nf3 d5 3. e3 Nf6 4. b3 Be7 5. Bb2 0-0 6. Be2 c5 7. 0-0 b6 8. a3 Bb7 9. Qc2 Nbd7 10. d3 Qc7 11. Nbd2 Rfd8 12. Rac1 Rac8 13. Rfe1 Qb8 14. Qb1 Nf8 15. Be5 Qa8 16. b4 Ng6 17. Ba1 cxb4 18. axb4 dxc4 19. Nxc4 b5 20. Bxf6 Bxf6 21. Na5 Ne7 22. Nxb7 Qxb7 23. d4 Nd5 24. Bd3 g6 25. Rc5 a6 26. Be4 Be7 27. Bxd5 Rxd5 28. Rxc8+ Qxc8 29. Re2 Qc3 30. Rb2 Rd8 31. Ne5 Rc8 32. Nd3 Qc6 33. h3 h5 34. Ra2 Ra8 35. Qa1 Qc4 36. Qb1 Bd6 37. Nc5 e5 38. Nxa6 exd4 39. exd4 Qxd4 40. Ra5 Qe5 41. g3 h4 42. Qd3 hxg3 43. fxg3 Re8 44. Kg2 Rc8 45. Ra3 Rc6 46. h4 Bf8 47. Kh2 Rc4 48. Kg2 Bxb4 49. Nxb4 Rxb4 50. Ra8+ Kg7 51. Ra2 Re4 52. Qd2 Re3 53. Qf2 b4 54. Kh3 b3 55. Rd2 Rc3 56. Kh2 Qe4 57. Re2 Qc4 58. h5 Rc2 59. h6+ Kxh6 60. Qe3+ Kh7 0-1

[Event "Chigorin Memorial 24th"]
[Site "St Petersburg"]
[Date "2016.10.21"]
[Round "7"]
[White "Sinitsina, Anastassia"]
[Black "Amina, Battsooj"]
[Result "1/2-1/2"]
[WhiteElo "2047"]
[BlackElo "2274"]
[PlyCount "161"]
[EventDate "2016.10.15"]
[EventType "swiss"]
[EventRounds "9"]
[EventCountry "RUS"]
[SourceTitle "CBM 175 Extra"]
[Source "ChessBase"]
[SourceDate "2016.12.12"]
[SourceVersion "1"]
[SourceVersionDate "2016.12.12"]
[SourceQuality "1"]

1. e4 e5 2. Nf3 Nc6 3. Bb5 a6 4. Ba4 Nf6 5. 0-0 Be7 6. Re1 b5 7. Bb3 0-0 8. h3 d6 9. c3 Bb7 10. d4 Re8 11. Nbd2 Bf8 12. d5 Nb8 13. Nf1 Nbd7 14. N3h2 c6 15. dxc6 Bxc6 16. Ng3 Nc5 17. Bc2 h6 18. Ng4 Nxg4 19. Qxg4 Qf6 20. b4 Nd7 21. Bb3 Kh7 22. Re3 Qg6 23. Qe2 Nf6 24. Nf5 d5 25. exd5 Nxd5 26. Nh4 Qf6 27. Bxd5 Bxd5 28. Qd3+ Kg8 29. Qxd5 Qxh4 30. Rf3 Qh5 31. Be3 Rac8 32. Bb6 Re6 33. Qb7 Rcc6 34. Ba7 Rc4 35. Qa8 f6 36. Bc5 Qe8 37. Qxe8 Rxe8 38. Bxf8 Kxf8 39. a4 bxa4 40. Rxa4 Re6 41. Kf1 Rd6 42. Ke2 e4 43. Re3 f5 44. f3 g5 45. Ra5 exf3+ 46. Rxf3 f4 47. Re5 Kf7 48. Rd3 Re6 49. Rd7+ Kf6 50. Rxe6+ Kxe6 51. Rh7 Rxc3 52. Rxh6+ Kd5 53. Rxa6 Ke4 54. Re6+ Kf5 55. Re8 Rc2+ 56. Kf3 Rc3+ 57. Kf2 Rb3 58. Rb8 Rb2+ 59. Kg1 Rb1+ 60. Kh2 Rb2 61. b5 Kg6 62. Kg1 Rb1+ 63. Kf2 Rb2+ 64. Kf3 Kf5 65. b6 Rb3+ 66. Kf2 Rb2+ 67. Kg1 Rb1+ 68. Kh2 Kg6 69. b7 Kg7 70. h4 g4 71. h5 Rb2 72. h6+ Kh7 73. Kg1 g3 74. Kf1 Rf2+ 75. Ke1 Rb2 76. Rf8 Rxb7 77. Rxf4 Kxh6 78. Ke2 Kg5 79. Re4 Rf7 80. Re5+ Kf4 81. Re8 1/2-1/2

[Event "Chigorin Memorial 24th"]
[Site "St Petersburg"]
[Date "2016.10.19"]
[Round "5"]
[White "Kiseleva, Arina"]
[Black "Amina, Battsooj"]
[Result "0-1"]
[WhiteElo "2059"]
[BlackElo "2274"]
[PlyCount "72"]
[EventDate "2016.10.15"]
[EventType "swiss"]
[EventRounds "9"]
[EventCountry "RUS"]
[SourceTitle "CBM 175 Extra"]
[Source "ChessBase"]
[SourceDate "2016.12.12"]
[SourceVersion "1"]
[SourceVersionDate "2016.12.12"]
[SourceQuality "1"]

1. d4 d5 2. Nf3 Nf6 3. c4 e6 4. Nc3 Be7 5. Bg5 h6 6. Bh4 0-0 7. e3 b6 8. cxd5 exd5 9. Bd3 Bb7 10. 0-0 c5 11. dxc5 bxc5 12. Rc1 Nbd7 13. Qe2 Nh5 14. Bxe7 Qxe7 15. Ba6 Bc6 16. Bb5 Bxb5 17. Qxb5 Nhf6 18. b3 Rfd8 19. Rfd1 Rab8 20. Qa5 Nb6 21. Na4 Nxa4 22. Qxa4 Rb6 23. Qa5 Rc8 24. Rc2 Rbc6 25. Qa3 Re8 26. Nd4 Rcc8 27. Nb5 a6 28. Qxa6 d4 29. Nd6 Qe6 30. Qb6 Nd7 31. Qa6 Ra8 32. Qc6 dxe3 33. fxe3 Qxe3+ 34. Rf2 Rxa2 35. Nxe8 Rxf2 36. Kh1 Qe2 0-1

[Event "Chigorin Memorial 24th"]
[Site "St Petersburg"]
[Date "2016.10.18"]
[Round "4"]
[White "Amina, Battsooj"]
[Black "Tsvetkov, Andrey"]
[Result "0-1"]
[WhiteElo "2274"]
[BlackElo "1992"]
[PlyCount "98"]
[EventDate "2016.10.15"]
[EventType "swiss"]
[EventRounds "9"]
[EventCountry "RUS"]
[SourceTitle "CBM 175 Extra"]
[Source "ChessBase"]
[SourceDate "2016.12.12"]
[SourceVersion "1"]
[SourceVersionDate "2016.12.12"]
[SourceQuality "1"]

1. e4 c5 2. Nf3 d6 3. d4 cxd4 4. Nxd4 Nf6 5. Nc3 a6 6. Be2 e5 7. Nb3 Be7 8. Be3 0-0 9. g4 Be6 10. g5 Ne8 11. h4 Nc7 12. Bg4 Bxg4 13. Qxg4 d5 14. Bb6 d4 15. Nd5 Bd6 16. h5 Nc6 17. g6 fxg6 18. hxg6 h6 19. 0-0-0 Qc8 20. Qxc8 Raxc8 21. Bxc7 Bxc7 22. f4 Bd6 23. fxe5 Nxe5 24. Nxd4 Rfe8 25. Nf5 Bf8 26. Rhg1 Nf3 27. Rg4 Ng5 28. Re1 Re6 29. Nf4 Rxe4 30. Rxe4 Nxe4 31. Ne6 Nf6 32. Rd4 Re8 33. Nd8 Re5 34. Rf4 Nd5 35. Rf3 Ne7 36. Nxe7+ Bxe7 37. Nxb7 Rb5 38. Rb3 Rg5 39. Rb6 h5 40. Rxa6 h4 41. Re6 Kf8 42. Ra6 Rg1+ 43. Kd2 Bg5+ 44. Ke2 h3 45. Nc5 h2 46. Ra8+ Ke7 47. Ra7+ Kd8 48. Ra8+ Kc7 49. Rh8 Bh6 0-1

[Event "Chigorin Memorial 24th"]
[Site "St Petersburg"]
[Date "2016.10.17"]
[Round "3"]
[White "Soffer, Ram"]
[Black "Amina, Battsooj"]
[Result "1-0"]
[WhiteElo "2475"]
[BlackElo "2274"]
[PlyCount "59"]
[EventDate "2016.10.15"]
[EventType "swiss"]
[EventRounds "9"]
[EventCountry "RUS"]
[SourceTitle "CBM 175 Extra"]
[Source "ChessBase"]
[SourceDate "2016.12.12"]
[SourceVersion "1"]
[SourceVersionDate "2016.12.12"]
[SourceQuality "1"]

1. d4 d5 2. c4 e6 3. Nc3 Nf6 4. cxd5 exd5 5. Bg5 Be7 6. e3 h6 7. Bh4 0-0 8. Bd3 b6 9. Nf3 Bb7 10. Bxf6 Bxf6 11. b4 c5 12. bxc5 bxc5 13. 0-0 Nc6 14. Rb1 Rb8 15. Qa4 cxd4 16. exd4 Qd6 17. Rb5 a6 18. Rb3 Qd7 19. Rfb1 Rfc8 20. Rxb7 Rxb7 21. Rxb7 Qxb7 22. Bxa6 Qb2 23. Nd1 Qb8 24. Bxc8 Qxc8 25. Ne3 Qb7 26. g3 Qb1+ 27. Kg2 Nb4 28. Nxd5 Nxd5 29. Qa8+ Kh7 30. Qxd5 1-0

[Event "Chigorin Memorial 24th"]
[Site "St Petersburg"]
[Date "2016.10.15"]
[Round "1"]
[White "Tsao, Yui"]
[Black "Amina, Battsooj"]
[Result "0-1"]
[WhiteElo "1768"]
[BlackElo "2274"]
[PlyCount "108"]
[EventDate "2016.10.15"]
[EventType "swiss"]
[EventRounds "9"]
[EventCountry "RUS"]
[SourceTitle "CBM 175 Extra"]
[Source "ChessBase"]
[SourceDate "2016.12.12"]
[SourceVersion "1"]
[SourceVersionDate "2016.12.12"]
[SourceQuality "1"]

1. b3 g6 2. Bb2 Nf6 3. e4 d6 4. Nf3 Bg7 5. d3 0-0 6. Be2 c5 7. 0-0 Nc6 8. Nbd2 Re8 9. Re1 Nxe4 10. Bxg7 Nxd2 11. Bh6 Nxf3+ 12. Bxf3 Nd4 13. Bd5 e6 14. Be4 d5 15. c3 Nb5 16. Bf3 Nxc3 17. Qc1 Nb5 18. Qxc5 Bd7 19. Qe3 Qf6 20. Bg4 Nd4 21. Bd1 Nf5 22. Qd2 e5 23. Bg5 Qd6 24. Qb2 f6 25. Bd2 Bb5 26. Be2 Rac8 27. Rac1 Nd4 28. Bf1 Qa6 29. Qb1 Qe6 30. Qb2 Qf5 31. Qb1 Ne6 32. a4 Bc6 33. b4 d4 34. Qb3 Red8 35. b5 Bd5 36. Qb4 b6 37. Rxc8 Rxc8 38. Qe7 Rc7 39. Qe8+ Kg7 40. Rc1 Nc5 41. Bb4 Qe6 42. Qd8 Qf7 43. Bxc5 bxc5 44. a5 c4 45. dxc4 Bxc4 46. b6 axb6 47. axb6 Rd7 48. Qc8 Be6 49. Rc7 Rxc7 50. Qxc7 Qxc7 51. bxc7 Bc8 52. Bc4 Kf8 53. Kf1 Ke7 54. Bg8 h6 0-1

[Event "Wch U16 Girls"]
[Site "Khanty-Mansiysk"]
[Date "2016.09.23"]
[Round "2"]
[White "Amina, Battsooj"]
[Black "Busuioc, Alexandra"]
[Result "1-0"]
[WhiteElo "2302"]
[BlackElo "1876"]
[PlyCount "107"]
[EventDate "2016.09.22"]
[EventType "swiss"]
[EventRounds "11"]
[EventCountry "RUS"]
[SourceTitle "EXT 2017"]
[Source "ChessBase"]
[SourceDate "2016.10.25"]
[SourceVersion "1"]
[SourceVersionDate "2016.10.25"]
[SourceQuality "1"]

1. e4 e5 2. Nf3 Nc6 3. Bc4 Bc5 4. 0-0 Nf6 5. d3 d6 6. c3 Bg4 7. a4 a5 8. Na3 h6 9. Nc2 0-0 10. Ne3 Bh5 11. Nf5 Ne7 12. Ng3 Bg4 13. h3 Be6 14. Bxe6 fxe6 15. Qb3 Qc8 16. d4 exd4 17. cxd4 Bb4 18. Bd2 Bxd2 19. Nxd2 Kh8 20. Rac1 d5 21. Rfe1 Nc6 22. Nf3 Rb8 23. Nh4 Rf7 24. exd5 Nxd5 25. Qd3 Nf4 26. Qe4 Qd7 27. Nf3 Rbf8 28. Re3 Nd5 29. Rb3 Rf4 30. Qd3 Ndb4 31. Qb5 b6 32. Rxb4 axb4 33. Qxc6 Qxc6 34. Rxc6 Ra8 35. b3 Ra7 36. Rxe6 Kg8 37. Rc6 Kf8 38. Kf1 Ke8 39. Ke2 Rf7 40. Ne5 Re7 41. Nf5 Rxe5+ 42. dxe5 Kd7 43. Rg6 Ra5 44. e6+ Kd8 45. e7+ Kd7 46. g4 Re5+ 47. Kd3 Rd5+ 48. Ke4 Rd2 49. Ke3 Rb2 50. Re6 Rxb3+ 51. Ke4 Kc8 52. e8Q+ Kb7 53. Qc6+ Kc8 54. Re8# 1-0

[Event "Asia-ch U16 Girls"]
[Site "Ulaanbaatar"]
[Date "2016.04.09"]
[Round "5"]
[White "Saumy, Zainab"]
[Black "Amina, Battsooj"]
[Result "1-0"]
[WhiteElo "1632"]
[BlackElo "2171"]
[PlyCount "135"]
[EventDate "2016.04.06"]
[EventType "swiss"]
[EventRounds "9"]
[EventCountry "MGL"]
[SourceTitle "EXT 2017"]
[Source "ChessBase"]
[SourceDate "2016.10.25"]
[SourceVersion "1"]
[SourceVersionDate "2016.10.25"]
[SourceQuality "1"]

1. e4 e5 2. Nf3 Nc6 3. c3 d5 4. Qa4 Qd6 5. exd5 Qxd5 6. Bb5 Bd7 7. 0-0 Nf6 8. Re1 Be7 9. d3 0-0 10. Be3 Qd6 11. Qd1 a6 12. Ba4 Rad8 13. b4 b5 14. Bc5 Qe6 15. Bb3 Qg4 16. Bxe7 Nxe7 17. Rxe5 Ng6 18. Rg5 Qf4 19. Qd2 Qd6 20. Nd4 Ng4 21. g3 N6e5 22. f4 Qxd4+ 23. cxd4 Nf3+ 24. Kg2 Nxd2 25. Nxd2 Ne3+ 26. Kf3 Nf5 27. Ne4 Kh8 28. Nc5 Nxd4+ 29. Kf2 Bc6 30. Rc1 f6 31. Rh5 Bf3 32. Rh4 g5 33. fxg5 Nxb3 34. axb3 fxg5 35. Rh6 Kg7 36. Re6 Rf7 37. Kg1 Bd5 38. Rxa6 Re8 39. Ra2 Re3 40. Rf2 c6 41. Rxf7+ Kxf7 42. Kf2 Re5 43. Ne4 g4 44. Ke3 Rh5 45. Rc2 Rh6 46. Rf2+ Kg7 47. Nc5 Bf3 48. Kd4 Rd6+ 49. Ke5 Rd5+ 50. Ke6 Rd4 51. Ke5 Rd5+ 52. Ke6 Kg6 53. Nd7 Rf5 54. Ne5+ Kg5 55. h4+ gxh3 56. Nxf3+ Rxf3 57. Rxf3 h2 58. Rf1 Kg4 59. Kd6 Kxg3 60. Kxc6 Kg2 61. Rd1 h1Q 62. Rxh1 Kxh1 63. d4 h5 64. d5 h4 65. d6 h3 66. d7 h2 67. d8Q Kg1 68. Qh4 1-0

[Event "Asia-ch U16 Girls"]
[Site "Ulaanbaatar"]
[Date "2016.04.08"]
[Round "4"]
[White "Amina, Battsooj"]
[Black "Musaeva, Shakhnazi"]
[Result "1-0"]
[WhiteElo "2171"]
[BlackElo "1612"]
[PlyCount "51"]
[EventDate "2016.04.06"]
[EventType "swiss"]
[EventRounds "9"]
[EventCountry "MGL"]
[SourceTitle "EXT 2017"]
[Source "ChessBase"]
[SourceDate "2016.10.25"]
[SourceVersion "1"]
[SourceVersionDate "2016.10.25"]
[SourceQuality "1"]

1. e4 c5 2. Nf3 d6 3. d4 cxd4 4. Nxd4 Nf6 5. Nc3 a6 6. Be2 e5 7. Nb3 Be6 8. f4 Qc7 9. g4 b5 10. g5 Nfd7 11. f5 Bc4 12. Bxc4 Qxc4 13. Qd5 Qxd5 14. Nxd5 Kd8 15. Be3 Nc6 16. a4 bxa4 17. Rxa4 Kc8 18. Kf2 Kb7 19. Rc4 Rc8 20. Ra1 f6 21. Raa4 Ra8 22. Na5+ Nxa5 23. Rcb4+ Kc8 24. Rxa5 fxg5 25. Rc4+ Kd8 26. Bxg5+ 1-0

[Event "MGL-ch (Women) 48th"]
[Site "Uliastai"]
[Date "2016.02.22"]
[Round "9"]
[White "Amina, Battsooj"]
[Black "Ankhchimeg, Bayanmunkh"]
[Result "0-1"]
[WhiteElo "2250"]
[BlackElo "2121"]
[PlyCount "132"]
[EventDate "2016.02.16"]
[EventType "tourn"]
[EventRounds "11"]
[EventCountry "MGL"]
[SourceTitle "CBM 171 Extra"]
[Source "ChessBase"]
[SourceDate "2016.04.26"]
[SourceVersion "1"]
[SourceVersionDate "2016.04.26"]
[SourceQuality "1"]

1. e4 c5 2. Nf3 e6 3. d4 cxd4 4. Nxd4 a6 5. c4 Nf6 6. Nc3 d6 7. Be2 Be7 8. 0-0 0-0 9. Be3 Qc7 10. Qe1 b6 11. f3 Bb7 12. Qf2 Nbd7 13. Rfc1 Rac8 14. a4 Qb8 15. a5 Ne5 16. Qf1 bxa5 17. Rxa5 Bd8 18. Raa1 Bc7 19. Kh1 Ned7 20. Bg1 Nh5 21. b4 Nf4 22. Bd1 Ne5 23. g3 Nfg6 24. Be2 Ne7 25. b5 axb5 26. Ndxb5 Rce8 27. Nxc7 Qxc7 28. Nb5 Qd7 29. Qd1 Nc8 30. Bd4 Qc6 31. Be3 f5 32. Nd4 Qc7 33. exf5 exf5 34. Qb3 Rf7 35. Kg2 Qe7 36. Bd2 Nc6 37. Nxc6 Qxe2+ 38. Kg1 Bxc6 39. Bf4 Qxf3 40. Qxf3 Bxf3 41. Ra3 Bb7 42. Rd1 Rfe7 43. Raa1 Re6 44. Rab1 Bc6 45. h4 Kf7 46. Ra1 h6 47. Ra6 Bb7 48. Ra5 Kf6 49. Bd2 Re2 50. Bc3+ Kg6 51. Kf1 Bg2+ 52. Kg1 Bh3 53. Rd2 R2e3 54. Bd4 Rxg3+ 55. Kh2 Rb3 56. Rb5 Rxb5 57. cxb5 Bg4 58. b6 Bf3 59. Rc2 Bb7 60. Rc1 Re4 61. Bf2 Kf6 62. h5 Kg5 63. Rc7 Re7 64. Rc3 Kxh5 65. Rh3+ Kg6 66. Bd4 Re4 0-1

[Event "MGL-ch (Women) 48th"]
[Site "Uliastai"]
[Date "2016.02.21"]
[Round "7"]
[White "Amina, Battsooj"]
[Black "Uuriintuya, Uurtsaikh"]
[Result "1-0"]
[WhiteElo "2250"]
[BlackElo "2255"]
[PlyCount "119"]
[EventDate "2016.02.16"]
[EventType "tourn"]
[EventRounds "11"]
[EventCountry "MGL"]
[SourceTitle "CBM 171 Extra"]
[Source "ChessBase"]
[SourceDate "2016.04.26"]
[SourceVersion "1"]
[SourceVersionDate "2016.04.26"]
[SourceQuality "1"]

1. e4 c5 2. Nf3 Nc6 3. d4 cxd4 4. Nxd4 g6 5. Nc3 Bg7 6. Be3 Nf6 7. Nxc6 bxc6 8. e5 Ng8 9. Bd4 Qa5 10. Bc4 Bxe5 11. 0-0 Nf6 12. Re1 d6 13. Bxe5 dxe5 14. Qe2 Bf5 15. Bb3 e4 16. h3 h5 17. Qc4 0-0 18. Qxc6 Rad8 19. Rad1 Qe5 20. Qb5 Qc7 21. Qe2 Kg7 22. Nb5 Qb6 23. c3 e5 24. Na3 Qc5 25. Qb5 Qxb5 26. Nxb5 a6 27. Nd6 Rd7 28. Nc4 Re7 29. Rd6 Nd7 30. Rxa6 Nc5 31. Rc6 Nd3 32. Re2 Bd7 33. Rc7 Rc8 34. Rxc8 Bxc8 35. Rxe4 f5 36. Re3 e4 37. f3 Ba6 38. fxe4 fxe4 39. Nd6 Nc5 40. Bc2 Re6 41. Nxe4 Bb7 42. Nxc5 Rxe3 43. Nxb7 Re2 44. Bb3 Rxb2 45. c4 Kf6 46. c5 Rb1+ 47. Kf2 Rc1 48. Nd6 Ke5 49. Nc4+ Kd5 50. c6 Kxc6 51. Ne5+ Kd6 52. Nxg6 Rc5 53. Nf4 Ke7 54. Bd1 Ra5 55. a4 Rf5 56. Ke3 Re5+ 57. Kd4 Re1 58. Bxh5 Kd6 59. Nd3 Rg1 60. Bf3 1-0